| 000 | 00743nam a2200217 a 4500 | ||
|---|---|---|---|
| 005 | 20210223125111.0 | ||
| 008 | 030908s1998 mx r 000 0 spa d | ||
| 020 | _a9700509346 | ||
| 035 | _aUPN01000128647 | ||
| 049 | _aCG | ||
| 050 | 4 |
_aNC1763 P6.9 _bA7.3 |
|
| 100 | 1 | _aArredondo, Estela | |
| 245 | 1 | 4 |
_aLos críticos del imperio : _bla historia de los últimos sexenios a través de la caricatura / _cEstela Arredondo. |
| 260 |
_aMéxico : _bGrijalbo, _c1998. |
||
| 300 |
_a482 p. : _bil. |
||
| 500 | _aLos textos fueron realizados por: Rius, Narango, Helioflores, Calderón, el Fisgón y Helguera | ||
| 650 | 4 |
_aSATIRA POLITICA _916824 |
|
| 650 | 4 |
_aSATIRA MEXICANA _925139 |
|
| 650 | 4 |
_aCARICATURAS - _zMEXICO _97070 |
|
| 905 | _aLibro | ||
| 999 |
_c100824 _d100824 |
||